000 00496 a2200145 4500
000 nam a22 7a 4500
005 20260423165302.0
020 _a9781472525598
100 _aThomas D. Senor
_91118616
245 _aA Critical Introduction to the Epistemology of Memory
260 _bBloomsbury Academic
_c2019
440 _aBloomsbury Critical Introductions to Contemporary Epistemology
_91235590
490 _aBloomsbury Critical Introductions to Contemporary Epistemology
942 _cTEXL
999 _c1848470
_d1848470